Online
Catalog

Techo a dos aguas / (Record no. 2911)

MARC details
000 -CABECERA
campo de control de longitud fija 00733cam a2200217 a 4500
001 - NÚMERO DE CONTROL
campo de control 000003080
005 - FECHA Y HORA DE LA ÚLTIMA TRANSACCIÓN
campo de control 20200929150325.0
008 - DATOS DE LONGITUD FIJA--INFORMACIÓN GENERAL
campo de control de longitud fija 020127s1998 pr c 000 0 spa
020 ## - NÚMERO INTERNACIONAL ESTÁNDAR DEL LIBRO
Número Internacional Estándar del Libro 1563281252
040 ## - FUENTE DE LA CATALOGACIÓN
Centro catalogador/agencia de origen DO-SdBNP
Centro/agencia transcriptor DLC
082 ## - NÚMERO DE LA CLASIFICACIÓN DECIMAL DEWEY
Número de clasificación PR861.64
Número de documento/Ítem V422t
100 1# - ENTRADA PRINCIPAL--NOMBRE DE PERSONA
Nombre de persona Vega, José Luis,
Fechas asociadas al nombre 1948-
9 (RLIN) 9721
245 10 - MENCIÓN DE TÍTULO
Título Techo a dos aguas /
Mención de responsabilidad, etc. José Luis Vega ; fotografías, José A. Peláez.
260 ## - PUBLICACIÓN, DISTRIBUCIÓN, ETC.
Lugar de publicación, distribución, etc. San Juan, Puerto Rico :
Nombre del editor, distribuidor, etc. Plaza Mayor,
Fecha de publicación, distribución, etc. 1998.
300 ## - DESCRIPCIÓN FÍSICA
Extensión 145, [3] p. :
Otras características físicas retrs. ;
Dimensiones 23 cm.
440 #0 - MENCIÓN DE SERIE/PUNTO DE ACCESO ADICIONAL--TÍTULO
Título Biblioteca de autores de Puerto Rico
9 (RLIN) 9722
650 #4 - PUNTO DE ACCESO ADICIONAL DE MATERIA--TÉRMINO DE MATERIA
Término de materia o nombre geográfico como elemento de entrada Poesía puertorriqueña
9 (RLIN) 1015
650 #4 - PUNTO DE ACCESO ADICIONAL DE MATERIA--TÉRMINO DE MATERIA
Término de materia o nombre geográfico como elemento de entrada Literatura puertorriqueña
9 (RLIN) 250
700 1# - PUNTO DE ACCESO ADICIONAL--NOMBRE DE PERSONA
Nombre de persona Peláez, José A.
Término indicativo de función/relación fot.
9 (RLIN) 9723
910 ## - DATOS DE OPCIÓN DEL USUARIO (OCLC)
Datos de opción del usuario Catalogación por copia / LC
Holdings
Estado de retiro Estado de pérdida Restricciones de uso No para préstamo Código de colección Localización permanente Ubicación/localización actual Ubicación en estantería Fecha de adquisición Número de inventario Total de préstamos Signatura topográfica completa Código de barras Fecha visto por última vez Número de copia Precio válido a partir de Tipo de ítem Koha
      Excluido de préstamo Monografías: Libros y Folletos General General Depósito 10.09.2013 LF1   PR861.64 V422t 3080-20 25.06.2020 e. 2 25.06.2020 No se presta
    Préstamo interno   Monografías: Libros y Folletos General General Depósito 06.07.2009 LF1   PR861.64 V422t 3080-10 25.06.2020   25.06.2020 Préstamo interno

Powered by Koha